[Event "Madrid-ch Sub16 2022"]
[Site "Madrid ESP"]
[Date "2022.04.03"]
[Round "3.6"]
[White "Karunanithi, Bharath"]
[Black "Portero Rubio, Martin"]
[Result "1-0"]
[WhiteElo "1676"]
[BlackElo "1880"]
[PlyCount "55"]
[EventDate "2022.04.02"]
[EventType "swiss"]
[EventRounds "6"]
[EventCountry "ESP"]
[SourceTitle "Ajedrez en Madrid"]
[Source "lmi"]
[SourceDate "2022.07.30"]
[SourceVersion "1"]
[SourceVersionDate "2022.07.30"]
[SourceQuality "1"]

1. e4 d5 2. exd5 Nf6 3. d4 Nxd5 4. Bc4 g6 5. Nf3 Bg7 6. c3 O-O 7. O-O Nb6 8.
Bb3 N8d7 9. Re1 a5 10. a4 c5 11. Qe2 e6 12. Bg5 Qc7 13. Na3 Nf6 14. Nb5 Qe7 15.
dxc5 Nbd7 16. Bf4 Qxc5 17. Bd6 Qh5 18. Bxf8 Kxf8 19. Nc7 Ra6 20. Nxa6 bxa6 21.
Ne5 Qh4 22. g3 Qh3 23. Nxf7 Nc5 24. Ng5 Qf5 25. Nxe6+ Nxe6 26. Bxe6 Bxe6 27.
Qxe6 Qf3 28. Rad1 1-0

[Event "Madrid-ch Sub16 2022"]
[Site "Madrid ESP"]
[Date "2022.04.03"]
[Round "3.7"]
[White "Martinez Garcia, Jorge"]
[Black "Ortega Sanchez Montañez, Marcos"]
[Result "1-0"]
[WhiteElo "1609"]
[BlackElo "1384"]
[PlyCount "93"]
[EventDate "2022.04.02"]
[EventType "swiss"]
[EventRounds "6"]
[EventCountry "ESP"]
[SourceTitle "Ajedrez en Madrid"]
[Source "lmi"]
[SourceDate "2022.07.30"]
[SourceVersion "1"]
[SourceVersionDate "2022.07.30"]
[SourceQuality "1"]

1. e4 b6 2. d4 Bb7 3. Bd3 e6 4. c4 g6 5. Nf3 h6 6. Be3 Bg7 7. Nc3 d6 8. O-O Nd7
9. Re1 Qe7 10. d5 e5 11. Nb5 Qd8 12. b4 a6 13. Nc3 Ngf6 14. h3 O-O 15. Qd2 Kh7
16. Rab1 Rb8 17. a4 Qe7 18. Ne2 Ra8 19. Rec1 Rfb8 20. a5 bxa5 21. c5 c6 22.
cxd6 Qxd6 23. Bc5 Qc7 24. d6 Qd8 25. Qa2 Qe8 26. Qxa5 Qd8 27. Qa2 Qe8 28. Ng3
Bf8 29. Bc4 Kg7 30. h4 Bc8 31. h5 Nxh5 32. Nxh5+ gxh5 33. Nh4 Nxc5 34. bxc5
Rxb1 35. Rxb1 Be6 36. Nf5+ Bxf5 37. exf5 Ra7 38. Qe2 f6 39. Qf3 Kh8 40. Rb6 e4
41. Qc3 Bg7 42. Be6 a5 43. d7 Rxd7 44. Bxd7 Qxd7 45. Rb8+ Kh7 46. Qg3 Qa7 47.
Qg6# 1-0

[Event "Madrid-ch Sub16 2022"]
[Site "Madrid ESP"]
[Date "2022.04.09"]
[Round "4.1"]
[White "Cuadrado Carmona, Javier"]
[Black "Bravo De la Vega, Alvaro"]
[Result "1/2-1/2"]
[WhiteElo "1898"]
[BlackElo "2086"]
[PlyCount "87"]
[EventDate "2022.04.02"]
[EventType "swiss"]
[EventRounds "6"]
[EventCountry "ESP"]
[SourceTitle "Ajedrez en Madrid"]
[Source "lmi"]
[SourceDate "2022.07.30"]
[SourceVersion "1"]
[SourceVersionDate "2022.07.30"]
[SourceQuality "1"]

1. e4 c5 2. c3 Nf6 3. e5 Nd5 4. d4 cxd4 5. cxd4 d6 6. Bc4 Nb6 7. Bb3 d5 8. Ne2
Nc6 9. O-O Bf5 10. Ng3 Bxb1 11. Rxb1 e6 12. f4 g6 13. Ne2 Rc8 14. Be3 h5 15.
Rc1 Be7 16. a3 Na5 17. Ba2 Nac4 18. Qd3 O-O 19. Rc2 Qd7 20. Bc1 Na5 21. Nc3 Na4
22. f5 Nxc3 23. fxe6 Qxe6 24. Rxc3 Rxc3 25. Qxc3 b6 26. Qf3 Nc4 27. Bxc4 dxc4
28. d5 Bc5+ 29. Kh1 Qxe5 30. Bh6 Bd6 31. g3 Rd8 32. Qxf7+ Kh8 33. Qf3 Kh7 34.
Bf4 Qf5 35. Bxd6 Qxf3+ 36. Rxf3 Rxd6 37. Rf7+ Kh6 38. Rxa7 Rxd5 39. Rc7 b5 40.
a4 Rd1+ 41. Kg2 Rd2+ 42. Kh3 bxa4 43. Rxc4 Rxb2 44. Rxa4 1/2-1/2

[Event "Madrid-ch Sub16 2022"]
[Site "Madrid ESP"]
[Date "2022.04.09"]
[Round "4.2"]
[White "Serrano Ruiz, Miguel"]
[Black "Torres Rebolledo, Victor"]
[Result "0-1"]
[WhiteElo "1802"]
[BlackElo "1966"]
[PlyCount "126"]
[EventDate "2022.04.02"]
[EventType "swiss"]
[EventRounds "6"]
[EventCountry "ESP"]
[SourceTitle "Ajedrez en Madrid"]
[Source "lmi"]
[SourceDate "2022.07.30"]
[SourceVersion "1"]
[SourceVersionDate "2022.07.30"]
[SourceQuality "1"]

1. e4 c6 2. Nf3 d5 3. Nc3 dxe4 4. Nxe4 Nf6 5. Nxf6+ exf6 6. d4 Bd6 7. Bd3 O-O
8. O-O Bg4 9. Be3 Nd7 10. h3 Bh5 11. c4 Re8 12. Be2 Nf8 13. d5 c5 14. b4 b6 15.
bxc5 bxc5 16. Nd2 Bxe2 17. Qxe2 f5 18. Qf3 Qf6 19. Nb3 Nd7 20. Bf4 Ne5 21. Bxe5
Qxe5 22. g3 Qe4 23. Qxe4 Rxe4 24. Rac1 Re2 25. Na5 Rb8 26. Rb1 Reb2 27. Rxb2
Rxb2 28. a3 Kf8 29. Re1 a6 30. Re3 f4 31. gxf4 Bxf4 32. Rf3 Bd6 33. Re3 Bc7 34.
Nb3 Bd6 35. Kg2 g6 36. Kf3 Rc2 37. Na5 Rb2 38. Nb3 Kg7 39. Na5 Bc7 40. Nb3 Rc2
41. Re4 Rc3+ 42. Re3 Rxc4 43. Rd3 Rf4+ 44. Ke3 c4 45. d6 cxd3 46. Kxf4 Bxd6+
47. Ke4 Bxa3 48. Kxd3 Bb4 49. Ke4 Kf6 50. Kf4 a5 51. Ke4 a4 52. Nc1 a3 53. f4
Bd6 54. Na2 Ke6 55. Nc3 Bb4 56. Na2 Bd2 57. h4 f5+ 58. Kd3 Bxf4 59. Nb4 Bd6 60.
Na2 Ke5 61. Ke3 f4+ 62. Kd3 Be7 63. h5 g5 0-1

[Event "Madrid-ch Sub16 2022"]
[Site "Madrid ESP"]
[Date "2022.04.09"]
[Round "4.3"]
[White "Karunanithi, Bharath"]
[Black "Ruiz Vazquez, Javier"]
[Result "1-0"]
[WhiteElo "1676"]
[BlackElo "1859"]
[PlyCount "119"]
[EventDate "2022.04.02"]
[EventType "swiss"]
[EventRounds "6"]
[EventCountry "ESP"]
[SourceTitle "Ajedrez en Madrid"]
[Source "lmi"]
[SourceDate "2022.07.30"]
[SourceVersion "1"]
[SourceVersionDate "2022.07.30"]
[SourceQuality "1"]

1. e4 c5 2. d3 Nc6 3. f4 d5 4. e5 Qc7 5. g3 h5 6. h3 f6 7. exf6 Nxf6 8. Nf3 Bf5
9. Bg2 O-O-O 10. Be3 e5 11. fxe5 Nxe5 12. O-O Nxf3+ 13. Qxf3 Be6 14. Nc3 Qd7
15. Bf4 Bd6 16. Bxd6 Qxd6 17. a4 a6 18. a5 Rdf8 19. Qe3 d4 20. Ne4 Qc7 21. Qf4
Nxe4 22. Qxe4 Re8 23. Qf4 Qd7 24. Kh2 Qe7 25. Rae1 h4 26. g4 Rhf8 27. Qe5 Rxf1
28. Rxf1 Bd7 29. Qxe7 Rxe7 30. Be4 Kc7 31. Kg2 Bc6 32. Rf4 Bxe4+ 33. dxe4 Kc6
34. Kf3 Kb5 35. Rf5 Kb4 36. e5 Kxa5 37. Ke4 Kb6 38. Kd5 Rd7+ 39. Ke6 Kc6 40.
Rf7 Rc7 41. Rxc7+ Kxc7 42. b3 b5 43. Kd5 a5 44. Kxc5 a4 45. bxa4 bxa4 46. Kxd4
Kd7 47. Kc4 Ke6 48. Kb4 Kxe5 49. Kxa4 Kf4 50. c4 Kg3 51. c5 Kxh3 52. c6 Kg2 53.
c7 h3 54. c8=Q h2 55. Qc6+ Kg1 56. Qc1+ Kg2 57. Qd2+ Kg1 58. Qd4+ Kg2 59. Qxg7
h1=Q 60. Qb7+ 1-0

[Event "Madrid-ch Sub16 2022"]
[Site "Madrid ESP"]
[Date "2022.04.09"]
[Round "4.4"]
[White "Candela Martin, Alvaro"]
[Black "Martin Ramos, Hector"]
[Result "0-1"]
[WhiteElo "1947"]
[BlackElo "1728"]
[PlyCount "58"]
[EventDate "2022.04.02"]
[EventType "swiss"]
[EventRounds "6"]
[EventCountry "ESP"]
[SourceTitle "Ajedrez en Madrid"]
[Source "lmi"]
[SourceDate "2022.07.30"]
[SourceVersion "1"]
[SourceVersionDate "2022.07.30"]
[SourceQuality "1"]

1. e4 c5 2. Nf3 e6 3. b3 b6 4. Bb2 Bb7 5. e5 Nc6 6. d3 d5 7. exd6 Qxd6 8. Nbd2
Nf6 9. Bxf6 gxf6 10. Ne4 Qe7 11. g3 Bg7 12. Rb1 f5 13. Ned2 e5 14. Bg2 e4 15.
dxe4 fxe4 16. Ng1 O-O-O 17. Qg4+ f5 18. Qxf5+ Kb8 19. Qf4+ Be5 20. Qh6 Bc3 21.
Rd1 Nd4 22. Ne2 Nf3+ 23. Kf1 Nxd2+ 24. Rxd2 Bxd2 25. Qh5 e3 26. Nf4 e2+ 27.
Nxe2 Bxg2+ 28. Kxg2 Qe4+ 29. Kg1 Rhe8 0-1

[Event "Madrid-ch Sub16 2022"]
[Site "Madrid ESP"]
[Date "2022.04.09"]
[Round "4.5"]
[White "Rodriguez Avila, Alvaro"]
[Black "Martinez Garcia, Jorge"]
[Result "1-0"]
[WhiteElo "1987"]
[BlackElo "1609"]
[PlyCount "89"]
[EventDate "2022.04.02"]
[EventType "swiss"]
[EventRounds "6"]
[EventCountry "ESP"]
[SourceTitle "Ajedrez en Madrid"]
[Source "lmi"]
[SourceDate "2022.07.30"]
[SourceVersion "1"]
[SourceVersionDate "2022.07.30"]
[SourceQuality "1"]

1. b3 d5 2. Bb2 e6 3. Nf3 Nd7 4. e3 a6 5. c4 dxc4 6. bxc4 Ngf6 7. Qc2 b6 8. Nc3
Bb7 9. Be2 c5 10. O-O Qc7 11. d3 h5 12. Ne4 Nxe4 13. dxe4 Nf6 14. e5 Ng4 15.
Rad1 Be7 16. h3 Nh6 17. Nd2 Nf5 18. Ne4 Rd8 19. Rxd8+ Kxd8 20. Rd1+ Kc8 21. Bf3
f6 22. exf6 gxf6 23. Nd2 Rg8 24. Bxb7+ Qxb7 25. Qe4 Qxe4 26. Nxe4 e5 27. Kf1
Rd8 28. Rxd8+ Kxd8 29. Ke2 Nd6 30. Kd3 Kd7 31. f4 Nf7 32. Ng3 h4 33. Nf5 Ke6
34. Nxh4 f5 35. Ng6 e4+ 36. Kc2 Nd6 37. Nxe7 Kxe7 38. Kb3 Nf7 39. a4 Kd7 40. g4
Nh6 41. g5 Ng8 42. h4 Ke6 43. h5 Kf7 44. a5 bxa5 45. Ka4 1-0

[Event "Madrid-ch Sub16 2022"]
[Site "Madrid ESP"]
[Date "2022.04.09"]
[Round "4.6"]
[White "Gilardi Olarrea, Mikel"]
[Black "Jimenez Carrazoni, Javier"]
[Result "0-1"]
[WhiteElo "1374"]
[BlackElo "1617"]
[PlyCount "68"]
[EventDate "2022.04.02"]
[EventType "swiss"]
[EventRounds "6"]
[EventCountry "ESP"]
[SourceTitle "Ajedrez en Madrid"]
[Source "lmi"]
[SourceDate "2022.07.30"]
[SourceVersion "1"]
[SourceVersionDate "2022.07.30"]
[SourceQuality "1"]

1. d4 d5 2. c4 e6 3. Nf3 c5 4. g3 Nc6 5. cxd5 exd5 6. Nc3 Nf6 7. Bg2 Be7 8. O-O
O-O 9. Re1 Bg4 10. Be3 c4 11. Ne5 Bf5 12. a3 Na5 13. Nf3 a6 14. Nd2 Rc8 15. Bg5
b5 16. f3 h6 17. e4 dxe4 18. Be3 exf3 19. Bxf3 Nh7 20. d5 Bf6 21. Nde4 Bxe4 22.
Bxe4 Nb7 23. Qc2 Ng5 24. Rad1 Nd6 25. Bf4 Ndxe4 26. Nxe4 Nf3+ 27. Kf1 Nxe1 28.
Rxe1 Qxd5 29. Bxh6 Qf5+ 30. Bf4 g5 31. Kg2 gxf4 32. Rf1 Be5 33. Qe2 c3 34. gxf4
c2 0-1

[Event "Madrid-ch Sub16 2022"]
[Site "Madrid ESP"]
[Date "2022.04.09"]
[Round "4.7"]
[White "Portero Rubio, Martin"]
[Black "Fernandez Rosado, Roberto"]
[Result "1-0"]
[WhiteElo "1880"]
[BlackElo "2063"]
[PlyCount "87"]
[EventDate "2022.04.02"]
[EventType "swiss"]
[EventRounds "6"]
[EventCountry "ESP"]
[SourceTitle "Ajedrez en Madrid"]
[Source "lmi"]
[SourceDate "2022.07.30"]
[SourceVersion "1"]
[SourceVersionDate "2022.07.30"]
[SourceQuality "1"]

1. e4 e5 2. Nc3 Nc6 3. Bc4 Nf6 4. d3 a6 5. f4 Bc5 6. Nf3 d6 7. a4 h6 8. f5 Nd4
9. Nxd4 Bxd4 10. Qf3 c6 11. Bd2 a5 12. Qg3 Rg8 13. Qf3 Qb6 14. O-O-O Bd7 15. g4
d5 16. Bb3 O-O-O 17. Rhe1 Bxc3 18. Bxc3 d4 19. Bd2 Rgf8 20. Qg3 Qc5 21. g5 hxg5
22. Bxg5 Qd6 23. Bd2 Qc5 24. Qxg7 Ne8 25. Qg3 Nd6 26. Kb1 b5 27. c3 dxc3 28.
Bxc3 f6 29. d4 exd4 30. Bxd4 Qb4 31. Bb6 bxa4 32. Bxd8 Rxd8 33. Qxd6 axb3 34.
Qxb4 axb4 35. Rd3 Kc7 36. Red1 c5 37. Rd5 Kc6 38. Rd6+ Kc7 39. Rxf6 c4 40. Rf7
c3 41. Rfxd7+ Rxd7 42. Rxd7+ Kxd7 43. e5 Kc6 44. f6 1-0

[Event "Madrid-ch Sub16 2022"]
[Site "Madrid ESP"]
[Date "2022.04.09"]
[Round "5.1"]
[White "Torres Rebolledo, Victor"]
[Black "Karunanithi, Bharath"]
[Result "0-1"]
[WhiteElo "1966"]
[BlackElo "1676"]
[PlyCount "160"]
[EventDate "2022.04.02"]
[EventType "swiss"]
[EventRounds "6"]
[EventCountry "ESP"]
[SourceTitle "Ajedrez en Madrid"]
[Source "lmi"]
[SourceDate "2022.07.30"]
[SourceVersion "1"]
[SourceVersionDate "2022.07.30"]
[SourceQuality "1"]

1. d4 d5 2. c4 e6 3. Nc3 a6 4. cxd5 exd5 5. Bf4 Bd6 6. Bxd6 Qxd6 7. e3 Nf6 8.
Bd3 O-O 9. Nge2 c6 10. O-O Nbd7 11. Ng3 g6 12. Qc2 Qe7 13. Rae1 Ne8 14. f3 Ndf6
15. e4 Be6 16. exd5 cxd5 17. Nge2 Qc7 18. Qd2 Qb6 19. Na4 Qa7 20. Nc5 Ng7 21.
Qg5 Nfe8 22. Qe7 Bf5 23. Bxf5 Nxf5 24. Qxb7 Qxb7 25. Nxb7 Nc7 26. Nc5 Rfe8 27.
g4 Ne3 28. Rf2 Nc4 29. b3 Nd2 30. Kg2 Re3 31. Rd1 Nxf3 32. Rxf3 Rxe2+ 33. Rf2
Rae8 34. Rd2 Rxf2+ 35. Kxf2 a5 36. h3 Ne6 37. Re2 Kf8 38. Nxe6+ fxe6 39. Rc2
Re7 40. Rc5 Ra7 41. g5 Ke7 42. Ke3 Kd6 43. Rb5 e5 44. Rb6+ Kc7 45. Rf6 e4 46.
Kf4 a4 47. b4 a3 48. Ke5 Ra8 49. Kxd5 Re8 50. Rf2 Kb6 51. Re2 Kb5 52. Rxe4 Rd8+
53. Ke5 Kxb4 54. Re3 Re8+ 55. Kf4 Rf8+ 56. Ke4 Rf2 57. Kd3 Rxa2 58. Re7 Ra1 59.
Rb7+ Ka5 60. Ra7+ Kb5 61. Kc2 a2 62. Kb2 Rh1 63. Kxa2 Rxh3 64. Rc7 Kb6 65. Rc5
Rd3 66. Rd5 Kc6 67. Rd8 Rh3 68. Kb2 Rh5 69. Kc3 Rxg5 70. Rh8 h5 71. Kc4 Rg4 72.
Ra8 h4 73. Ra6+ Kb7 74. Ra2 h3 75. Kd3 Rg2 76. Ra1 g5 77. Ke3 g4 78. Rh1 h2 79.
Rb1+ Kc6 80. Rc1+ Kd6 0-1

[Event "Madrid-ch Sub16 2022"]
[Site "Madrid ESP"]
[Date "2022.04.09"]
[Round "5.2"]
[White "Martin Ramos, Hector"]
[Black "Cuadrado Carmona, Javier"]
[Result "1-0"]
[WhiteElo "1728"]
[BlackElo "1898"]
[PlyCount "61"]
[EventDate "2022.04.02"]
[EventType "swiss"]
[EventRounds "6"]
[EventCountry "ESP"]
[SourceTitle "Ajedrez en Madrid"]
[Source "lmi"]
[SourceDate "2022.07.30"]
[SourceVersion "1"]
[SourceVersionDate "2022.07.30"]
[SourceQuality "1"]

1. d4 Nf6 2. c4 g6 3. Nc3 d5 4. cxd5 Nxd5 5. e4 Nxc3 6. bxc3 Bg7 7. Bc4 c5 8.
Ne2 O-O 9. Be3 Qc7 10. Rc1 Nd7 11. O-O a6 12. Bb3 Rd8 13. f4 c4 14. Bc2 e5 15.
fxe5 Nxe5 16. Bg5 f6 17. Bf4 Qa5 18. Qd2 Nf7 19. Bb1 Re8 20. h4 f5 21. Ng3 fxe4
22. Bxe4 Ra7 23. Qc2 b6 24. h5 gxh5 25. Bxh7+ Kh8 26. Qg6 Bg4 27. Be5 Bxe5 28.
Rxf7 Rxf7 29. Qxf7 Qb5 30. Bg6 Qd7 31. Qxd7 1-0

[Event "Madrid-ch Sub16 2022"]
[Site "Madrid ESP"]
[Date "2022.04.09"]
[Round "5.3"]
[White "Jimenez Carrazoni, Javier"]
[Black "Bravo De la Vega, Alvaro"]
[Result "1/2-1/2"]
[WhiteElo "1617"]
[BlackElo "2086"]
[PlyCount "193"]
[EventDate "2022.04.02"]
[EventType "swiss"]
[EventRounds "6"]
[EventCountry "ESP"]
[SourceTitle "Ajedrez en Madrid"]
[Source "lmi"]
[SourceDate "2022.07.30"]
[SourceVersion "1"]
[SourceVersionDate "2022.07.30"]
[SourceQuality "1"]

1. d4 d6 2. e4 Nf6 3. Nc3 e5 4. dxe5 dxe5 5. Qxd8+ Kxd8 6. Nf3 Bd6 7. Bg5 c6 8.
Bc4 Be6 9. Bxe6 fxe6 10. O-O h6 11. Bh4 Nbd7 12. Rad1 Ke7 13. Rd2 Rad8 14. a3
g5 15. Bg3 Nh5 16. Rfd1 Bc7 17. Ne1 Nf4 18. f3 Ba5 19. b4 Bb6+ 20. Bf2 Nf6 21.
Bxb6 axb6 22. Rxd8 Rxd8 23. Rxd8 Kxd8 24. g3 Ng6 25. Kf2 Kc7 26. Nd3 Kd6 27.
Ke3 h5 28. Ne2 Kc7 29. Ng1 g4 30. f4 Kd6 31. Ne2 exf4+ 32. gxf4 e5 33. Ng3
exf4+ 34. Nxf4 Ne5 35. Ngxh5 Nxh5 36. Nxh5 Nc4+ 37. Kd4 Nd2 38. e5+ Ke6 39.
Nf4+ Kf5 40. e6 Kf6 41. h3 gxh3 42. Nxh3 Kxe6 43. Kc3 Ne4+ 44. Kd3 Ke5 45. Ng1
b5 46. Ne2 Nd6 47. Kc3 b6 48. Nc1 Kd5 49. Nd3 Ne4+ 50. Kb2 c5 51. bxc5 bxc5 52.
Nf4+ Kc4 53. Nd3 Nd6 54. Ne5+ Kd5 55. Nd3 Nc8 56. Nf4+ Kc4 57. Nd3 Nb6 58. Ne5+
Kd5 59. Nf3 c4 60. Kc3 Kc5 61. Kb2 Na4+ 62. Ka2 Kd5 63. Nd2 Kd4 64. Kb1 Nb6 65.
Nf3+ Kc3 66. Ng5 Nd5 67. Ne4+ Kd4 68. Nd6 Kc5 69. Ne4+ Kb6 70. c3 Ka5 71. Kb2
Nf4 72. Ka2 Nd3 73. Nd6 Ka4 74. Nc8 Nc5 75. Nb6+ Ka5 76. Nd5 Ka6 77. Kb2 Kb7
78. Kc2 Kc6 79. Ne3 Na4 80. Kd2 Kc5 81. Nf5 Nb2 82. Kc2 Nd3 83. Nd4 Kb6 84. Kb1
Ka5 85. Ka2 Ka4 86. Nc6 Nf2 87. Nb4 Ng4 88. Nd5 Nh2 89. Kb2 Ng4 90. Ka2 Ne5 91.
Kb2 Ka5 92. Kc2 Nd3 93. Kb1 Nf2 94. Kb2 Ka6 95. Kc2 Kb7 96. a4 bxa4 97. Ne3
1/2-1/2

[Event "Madrid-ch Sub16 2022"]
[Site "Madrid ESP"]
[Date "2022.04.09"]
[Round "5.4"]
[White "Serrano Ruiz, Miguel"]
[Black "Rodriguez Avila, Alvaro"]
[Result "0-1"]
[WhiteElo "1802"]
[BlackElo "1987"]
[PlyCount "116"]
[EventDate "2022.04.02"]
[EventType "swiss"]
[EventRounds "6"]
[EventCountry "ESP"]
[SourceTitle "Ajedrez en Madrid"]
[Source "lmi"]
[SourceDate "2022.07.30"]
[SourceVersion "1"]
[SourceVersionDate "2022.07.30"]
[SourceQuality "1"]

1. e4 c5 2. c3 g6 3. d4 cxd4 4. cxd4 d5 5. exd5 Nf6 6. Nc3 Bg7 7. Nf3 O-O 8.
Be3 Nxd5 9. Nxd5 Qxd5 10. b3 Bg4 11. Bc4 Qa5+ 12. Bd2 Qd8 13. Be3 Nd7 14. Rc1
Rc8 15. O-O Nb6 16. d5 Nxc4 17. bxc4 Qa5 18. Qb3 Bxf3 19. gxf3 Qc7 20. c5 Be5
21. h3 Rfd8 22. Rfd1 Qd7 23. Kg2 Qf5 24. Qd3 Qxd3 25. Rxd3 b6 26. f4 Bf6 27. c6
Rd6 28. f5 e6 29. fxe6 fxe6 30. Bf4 Rxd5 31. Rxd5 exd5 32. c7 Kf7 33. Re1 Bc3
34. Re2 d4 35. Bd6 d3 36. Re7+ Kf6 37. Rd7 d2 38. Bf4 g5 39. Bg3 Be5 40. Rxd2
Rxc7 41. h4 g4 42. Re2 Rc5 43. Re3 h5 44. a3 Ke6 45. Rd3 Rc3 46. Rxc3 Bxc3 47.
Bb8 a5 48. f4 Kf5 49. Bc7 b5 50. a4 bxa4 51. Bd6 Bd2 52. Ba3 Bxf4 53. Kf2 Ke4
54. Ke2 Bg3 55. Be7 a3 56. Bxa3 Bxh4 57. Bc5 Bf6 58. Kf2 Bd4+ 0-1

[Event "Madrid-ch Sub16 2022"]
[Site "Madrid ESP"]
[Date "2022.04.09"]
[Round "5.5"]
[White "Ruiz Vazquez, Javier"]
[Black "Martinez Garcia, Jorge"]
[Result "1-0"]
[WhiteElo "1859"]
[BlackElo "1609"]
[PlyCount "37"]
[EventDate "2022.04.02"]
[EventType "swiss"]
[EventRounds "6"]
[EventCountry "ESP"]
[SourceTitle "Ajedrez en Madrid"]
[Source "lmi"]
[SourceDate "2022.07.30"]
[SourceVersion "1"]
[SourceVersionDate "2022.07.30"]
[SourceQuality "1"]

1. e4 c5 2. Nf3 Nc6 3. b3 a6 4. Bb2 e6 5. d4 cxd4 6. Nxd4 Nge7 7. c4 Nxd4 8.
Qxd4 Nc6 9. Qe3 e5 10. Nc3 Bb4 11. O-O-O Bxc3 12. Qxc3 Qg5+ 13. Kb1 Rb8 14. Ba3
b5 15. cxb5 axb5 16. Bd6 b4 17. Qc5 Ra8 18. Bb5 Nd4 19. Rxd4 1-0

[Event "Madrid-ch Sub16 2022"]
[Site "Madrid ESP"]
[Date "2022.04.09"]
[Round "5.6"]
[White "Portero Rubio, Martin"]
[Black "Candela Martin, Alvaro"]
[Result "0-1"]
[WhiteElo "1880"]
[BlackElo "1947"]
[PlyCount "112"]
[EventDate "2022.04.02"]
[EventType "swiss"]
[EventRounds "6"]
[EventCountry "ESP"]
[SourceTitle "Ajedrez en Madrid"]
[Source "lmi"]
[SourceDate "2022.07.30"]
[SourceVersion "1"]
[SourceVersionDate "2022.07.30"]
[SourceQuality "1"]

1. e4 e5 2. Nf3 Nc6 3. Bb5 a6 4. Bxc6 dxc6 5. Nc3 Qd6 6. d4 exd4 7. Qxd4 Qxd4
8. Nxd4 Bc5 9. Be3 Nf6 10. f3 O-O 11. Kf2 Nd7 12. Rad1 Ne5 13. b3 Bb4 14. Nde2
f5 15. Bf4 Bd6 16. h3 h6 17. Be3 fxe4 18. Nxe4 Bxh3 19. Bxh6 Ng4+ 20. Kg1 Bxg2
21. Kxg2 Nxh6 22. Nxd6 cxd6 23. Rxd6 Nf5 24. Rd3 Rae8 25. Kf2 Rxe2+ 26. Kxe2
Ng3+ 27. Kf2 Nxh1+ 28. Kg2 Re8 29. Kxh1 Re1+ 30. Kg2 Re2+ 31. Kg3 Rxc2 32. Rd8+
Kh7 33. Rb8 b5 34. Rb6 a5 35. a3 Ra2 36. b4 axb4 37. axb4 Rc2 38. Kf4 Rc4+ 39.
Kg5 Rxb4 40. Rxc6 Rb1 41. Rb6 b4 42. Kf4 b3 43. Ke3 g6 44. Kd2 b2 45. Kc2 Rf1
46. Kxb2 Rxf3 47. Kc2 Kh6 48. Kd2 Kh5 49. Ke2 Rf4 50. Rb1 g5 51. Rf1 Rxf1 52.
Kxf1 Kh4 53. Kf2 Kh3 54. Kg1 g4 55. Kh1 g3 56. Kg1 g2 0-1

[Event "Madrid-ch Sub16 2022"]
[Site "Madrid ESP"]
[Date "2022.04.09"]
[Round "5.7"]
[White "Ortega Sanchez Montañez, Marcos"]
[Black "Gilardi Olarrea, Mikel"]
[Result "1/2-1/2"]
[WhiteElo "1384"]
[BlackElo "1374"]
[PlyCount "73"]
[EventDate "2022.04.02"]
[EventType "swiss"]
[EventRounds "6"]
[EventCountry "ESP"]
[SourceTitle "Ajedrez en Madrid"]
[Source "lmi"]
[SourceDate "2022.07.30"]
[SourceVersion "1"]
[SourceVersionDate "2022.07.30"]
[SourceQuality "1"]

1. d4 Nf6 2. c4 e6 3. Nf3 b6 4. Bg5 Be7 5. Nc3 Bb7 6. e3 O-O 7. Be2 d5 8. cxd5
exd5 9. O-O Nbd7 10. Rc1 c5 11. Bd3 h6 12. Bh4 Ne4 13. Bxe7 Qxe7 14. Nd2 Ndf6
15. Ncxe4 dxe4 16. Bc4 cxd4 17. exd4 Rfd8 18. Nb3 e3 19. Qe2 exf2+ 20. Rxf2 Qd6
21. Qe5 a6 22. Qxd6 Rxd6 23. Rd1 Rc8 24. Rc2 a5 25. a4 Bd5 26. Rdc1 Rdc6 27.
Nd2 Bxc4 28. Rxc4 Rxc4 29. Rxc4 Rxc4 30. Nxc4 Nd5 31. Kf2 f5 32. Kf3 Kf7 33. g4
Ke6 34. gxf5+ Kxf5 35. Nd6+ Ke6 36. Nc4 Kf5 37. Nd6+ 1/2-1/2

[Event "Madrid-ch Sub16 2022"]
[Site "Madrid ESP"]
[Date "2022.04.10"]
[Round "6.1"]
[White "Karunanithi, Bharath"]
[Black "Martin Ramos, Hector"]
[Result "1/2-1/2"]
[WhiteElo "1676"]
[BlackElo "1728"]
[PlyCount "71"]
[EventDate "2022.04.02"]
[EventType "swiss"]
[EventRounds "6"]
[EventCountry "ESP"]
[SourceTitle "Ajedrez en Madrid"]
[Source "lmi"]
[SourceDate "2022.07.30"]
[SourceVersion "1"]
[SourceVersionDate "2022.07.30"]
[SourceQuality "1"]

1. e4 c5 2. Nf3 a6 3. d4 cxd4 4. Nxd4 Nf6 5. Nc3 e5 6. Nf5 d5 7. Ng3 d4 8. Nce2
h6 9. h3 Bc5 10. Ng1 Qa5+ 11. Bd2 Qb6 12. b3 d3 13. Qf3 dxc2 14. Rc1 Nc6 15.
N1e2 O-O 16. Rxc2 Nb4 17. Bxb4 Bxb4+ 18. Nc3 Qd4 19. Be2 Be6 20. O-O Rac8 21.
Rd1 Qa7 22. Rdc1 Ba3 23. Rd1 Bb4 24. Rd3 Rc6 25. Bd1 Rfc8 26. Nge2 Ne8 27. Rcd2
Nd6 28. g4 Qb8 29. Re3 Bc5 30. Red3 Bb4 31. Qg3 Bxc3 32. Nxc3 Rxc3 33. Rxc3
Nxe4 34. Qd3 Nxd2 35. Qxd2 Rxc3 36. Qxc3 1/2-1/2

[Event "Madrid-ch Sub16 2022"]
[Site "Madrid ESP"]
[Date "2022.04.10"]
[Round "6.2"]
[White "Bravo De la Vega, Alvaro"]
[Black "Torres Rebolledo, Victor"]
[Result "1-0"]
[WhiteElo "2086"]
[BlackElo "1966"]
[PlyCount "79"]
[EventDate "2022.04.02"]
[EventType "swiss"]
[EventRounds "6"]
[EventCountry "ESP"]
[SourceTitle "Ajedrez en Madrid"]
[Source "lmi"]
[SourceDate "2022.07.30"]
[SourceVersion "1"]
[SourceVersionDate "2022.07.30"]
[SourceQuality "1"]

1. e4 c5 2. Nf3 d6 3. d4 Nf6 4. Nc3 cxd4 5. Nxd4 g6 6. Be3 Bg7 7. f3 Nc6 8. Qd2
O-O 9. g4 Be6 10. O-O-O Ne5 11. Bh6 Bxh6 12. Qxh6 Rc8 13. h4 Rxc3 14. Nxe6 fxe6
15. bxc3 Nxf3 16. Qe3 Nxg4 17. Qxa7 Nfe5 18. Rg1 Qc7 19. Kb2 Rc8 20. Rg3 Nf6
21. Qd4 Nc6 22. Qe3 Qa5 23. Bc4 Nd8 24. Bb3 Qe5 25. Rd4 Nf7 26. Rb4 b5 27. Rf3
Nd8 28. Qb6 Nxe4 29. Qxb5 Qxb5 30. Rxb5 d5 31. a4 Nc6 32. Rf4 Nf6 33. a5 Ra8
34. Ra4 Nb8 35. a6 Nfd7 36. a7 Nc6 37. Ra6 Nde5 38. Rb7 Kf7 39. Ba4 Nc4+ 40.
Kc1 1-0

[Event "Madrid-ch Sub16 2022"]
[Site "Madrid ESP"]
[Date "2022.04.10"]
[Round "6.3"]
[White "Rodriguez Avila, Alvaro"]
[Black "Jimenez Carrazoni, Javier"]
[Result "1-0"]
[WhiteElo "1987"]
[BlackElo "1617"]
[PlyCount "64"]
[EventDate "2022.04.02"]
[EventType "swiss"]
[EventRounds "6"]
[EventCountry "ESP"]
[SourceTitle "Ajedrez en Madrid"]
[Source "lmi"]
[SourceDate "2022.07.30"]
[SourceVersion "1"]
[SourceVersionDate "2022.07.30"]
[SourceQuality "1"]

1. e4 c5 2. Nf3 Nc6 3. Bb5 g6 4. O-O Bg7 5. c3 Nf6 6. Re1 O-O 7. d4 cxd4 8.
cxd4 d5 9. e5 Ne4 10. Bxc6 bxc6 11. Be3 f6 12. exf6 exf6 13. Qc1 Qb6 14. Nc3
Re8 15. Nxe4 dxe4 16. Nd2 f5 17. Nc4 Qd8 18. Ne5 Bxe5 19. dxe5 Rxe5 20. Qxc6
Qd5 21. Qc3 Ba6 22. Red1 Bd3 23. Rac1 Ree8 24. Qc7 Qxa2 25. Bh6 Qxb2 26. Rc3
Re7 27. Qxe7 Qxc3 28. Qe6+ Kh8 29. Bf4 Qg7 30. Be5 Rf8 31. Ra1 a6 32. Qe7 Qxe5
1-0